000 00345cam a2200145ua 4500
003 OSt
005 20260213113610.0
008 260213b |||||||| |||| 00| 0 eng d
041 _aeng
082 _a028.72551
_bNAT/WE
245 _aWell drilling manual
260 _aJodhpur :
_bScientific Publishers ,
_c1985.
300 _a70 ; .
942 _cBK
999 _c7956
_d7956